000 00352nam a2200145Ia 4500
008 230917s9999||||xx |||||||||||||| ||und||
040 _e151839
_aMAIN
041 _aEnglish
082 _a891.2109 R137K:S
100 _aRajsekhar
245 0 _aKavyamimansa
260 _aPatana
_bBihar-Rastrabhasha Parishad
_c1965
300 _a350p p.
942 _cBK
999 _c215431
_d215431